Evaluación de la eficiencia de los medios de egreso del hospital Dr. Fernando Escalante Pradilla, San Isidro del General.
Bewaard in:
| Hoofdauteur: | |
|---|---|
| Formaat: | Boek |
| Gepubliceerd in: |
[San José , Costa Rica]
1986
|
| Onderwerpen: | |
| Tags: |
Voeg label toe
Geen labels, Wees de eerste die dit record labelt!
|
MARC
| LEADER | 00000nam a2200000Ia 4500 | ||
|---|---|---|---|
| 003 | 004126 | ||
| 005 | 20221231144354.0 | ||
| 008 | 140114s1986 cr a m 000 ||s d | ||
| 040 | |c cru CEDI | ||
| 090 | |a TFG 1863 | ||
| 100 | |a Cordero Rivera, Felix Gerardo |9 14126 | ||
| 245 | |a Evaluación de la eficiencia de los medios de egreso del hospital Dr. Fernando Escalante Pradilla, San Isidro del General. | ||
| 260 | |c 1986 |a [San José , Costa Rica] | ||
| 300 | |a 98 hojas : ilustraciones ; 28 cm | ||
| 500 | |a Proyecto de graduación (licenciatura en ingeniería civil)--Universidad de Costa Rica. Facultad de Ingeniería. Escuela de Ingeniería Civil | ||
| 650 | |x PREVENCION DE DESASTRES |9 14127 | ||
| 942 | |c TFG | ||
| 999 | |c 20892 |d 20892 | ||
